| 000 | 00476nam a2200169 a 4500 | ||
|---|---|---|---|
| 005 | 20140412111221.0 | ||
| 008 | 010328s19uu xx 00 eng d | ||
| 020 | _a1-85346-422-8 | ||
| 050 |
_aTR(GS 372.6 _bB86 1997 |
||
| 100 | _aBunting, Rebecca | ||
| 245 |
_aTeaching about language in the primary years / _cRebecca Bunting. |
||
| 260 |
_aLondon : _bDavid Fulton Publishers, _c1997. |
||
| 300 | _a117p. | ||
| 650 | _aEducation | ||
| 650 | _aLinguistic | ||
| 999 |
_c101923 _d101923 |
||